Study on parcel survey in sporadic land registration process steung sen city kampong thom province; សិក្សាអំពីបច្ចេកទេសវាស់វែងក្បាលដីក្នុងដំណើរការចុះបញ្ជីដីធ្លីមានលក្ខណៈដាច់ដោយដុំនៅក្រុងស្ទឹងសែន ខេត្តកំពង់ធំ (Record no. 10459)

000 -LEADER
fixed length control field 00819nam a22001337a 4500
040 ## - CATALOGING SOURCE
Transcribing agency RUA
082 ## - DEWEY DECIMAL CLASSIFICATION NUMBER
Classification number LMA VAN 2014 B498 Or.1
100 ## - MAIN ENTRY--AUTHOR NAME
Personal name VANN SOPHEAK; វ៉ាន់ សុភ័ក្រ្ត
245 ## - TITLE STATEMENT
Title Study on parcel survey in sporadic land registration process steung sen city kampong thom province; សិក្សាអំពីបច្ចេកទេសវាស់វែងក្បាលដីក្នុងដំណើរការចុះបញ្ជីដីធ្លីមានលក្ខណៈដាច់ដោយដុំនៅក្រុងស្ទឹងសែន ខេត្តកំពង់ធំ
260 ## - PUBLICATION, DISTRIBUTION, ETC. (IMPRINT)
Place of publication Phnom Penh
Name of publisher RUA
Year of publication 2014
300 ## - PHYSICAL DESCRIPTION
Number of Pages xi; 42p;
Other physical details ill;
Dimensions 29cm;
856 ## - ELECTRONIC LOCATION AND ACCESS
Uniform Resource Identifier https://drive.google.com/file/d/1FPl0U8SdSIvOpjydjmmqXW9lek8gL2tw/view?usp=sharing
942 ## - ADDED ENTRY ELEMENTS (KOHA)
Koha item type LMA
952 ## - LOCATION AND ITEM INFORMATION (KOHA)
Withdrawn status [LOCAL, KOHA] 0
952 ## - LOCATION AND ITEM INFORMATION (KOHA)
Withdrawn status [LOCAL, KOHA] 0
952 ## - LOCATION AND ITEM INFORMATION (KOHA)
Withdrawn status [LOCAL, KOHA] 0
952 ## - LOCATION AND ITEM INFORMATION (KOHA)
Withdrawn status [LOCAL, KOHA] 0
952 ## - LOCATION AND ITEM INFORMATION (KOHA)
Withdrawn status [LOCAL, KOHA] 0
Holdings
Permanent Location Date acquired Koha item type Lost status Shelving location Barcode Current Location Full call number
Library Block B2016-10-24LMA B498RUA060293Library Block BLMA VAN 2014 B498 Or.1
Library Block B2016-10-24LMA B498RUA061254Library Block BLMA VAN 2014 B498 Or.2
Library Block B2016-10-24LMA B498RUA060950Library Block BLMA VAN 2014 B498 Or.3
Library Block B2016-10-24LMA B498RUA061016Library Block BLMA VAN 2014 B498 Or.4
Library Block B2016-10-24LMA B498RUA060975Library Block BLMA VAN 2014 B498 Or.5
មជ្ឈមណ្ឌលឯការនៃសាកលវិទ្យាល័យភូមិន្ទកសិកម្មចំការដូង

Powered by Koha